Statistieken voor Ierland Trivia Quiz

Klik hier om de quiz te nemen!

Algemene statistieken

  • Deze quiz is 484 keer genomen
  • De gemiddelde score is 9 van 20

Antwoordstatistieken

HintAntwoord% Correct
HoofdstadDublin
100%
Plant die Ierland symboliseertKlaver
77%
De grootste luchtvaartmaatschappij, bekend om zijn lage prijzen en vreselijke serviceRyanair
69%
Best verkochte Ierse bierGuinness
66%
Muziekinstrument op het wapenschild van bovenstaandeHarp
58%
Best verkochte Ierse rockbandU2
58%
Ierse naam voor IerlandÉire
57%
Heilige die zogenaamd de Ieren tot het christendom bekeerdeSt. Patrick
56%
Op één na grootste stadCork
55%
Gewas waarvan de oogst mislukte in de periode 1845-1852Aardappels
53%
Ierse stad / Type gedichtLimerick
52%
Priester in de oude Keltische religieDruïde
37%
... en ook het eiland bevrijdde van deze dierenSlangen
29%
Best verkochte Ierse whiskeyJameson
28%
Oudste universiteit, opgericht in 1592{Trinity} College
28%
Schrijver van "Ulysses"James Joyce
26%
Langste rivierShannon
25%
Stad waar beroemd kristal werd gemaaktWaterford
20%
Steen die toeristen kussenBlarney Stone
18%
Treurende vrouw uit de Ierse mythologieBanshee
17%

Scoreverdeling

Percentiel versus Aantal Correcte Antwoorden

Procent van Mensen met Elke Score

Uw Scoregeschiedenis

U heeft deze quiz nog niet genomen